Health service management / (Record no. 5539)
[ view plain ]
| 000 -LEADER | |
|---|---|
| fixed length control field | 01067cam a2200289 a 4500 |
| 001 - CONTROL NUMBER | |
| control field | 2404059 |
| 003 - CONTROL NUMBER IDENTIFIER | |
| control field | OSt |
| 005 - DATE AND TIME OF LATEST TRANSACTION | |
| control field | 20220420092816.0 |
| 008 - FIXED-LENGTH DATA ELEMENTS--GENERAL INFORMATION | |
| fixed length control field | 860422m19849999ke a f000 0 eng |
| 010 ## - LIBRARY OF CONGRESS CONTROL NUMBER | |
| LC control number | 85980981 |
| 040 ## - CATALOGING SOURCE | |
| Original cataloging agency | DLC |
| Transcribing agency | ALUPE UNIVERSITY |
| Modifying agency | DLC |
| 050 00 - LIBRARY OF CONGRESS CALL NUMBER | |
| Classification number | RA430 |
| Item number | .H43 1984 |
| 082 00 - DEWEY DECIMAL CLASSIFICATION NUMBER | |
| Classification number | 362.1/068 |
| Edition number | 19 |
| 245 00 - TITLE STATEMENT | |
| Title | Health service management / |
| Statement of responsibility, etc. | editors, S. Kanani, J. Maneno, and P. Schlüter. |
| 260 ## - PUBLICATION, DISTRIBUTION, ETC. | |
| Place of publication, distribution, etc. | Nairobi, Kenya : |
| Name of publisher, distributor, etc. | Administrative Support Unit, Ministry of Health, Kenya : |
| -- | Training Dept., African Medical Research Foundation, |
| Date of publication, distribution, etc. | c1984- |
| 300 ## - PHYSICAL DESCRIPTION | |
| Extent | xiv |
| Other physical details | ill. ; |
| Dimensions | 21 cm. |
| 505 1# - FORMATTED CONTENTS NOTE | |
| Formatted contents note | v. 1. Learning materials. |
| 650 #0 - SUBJECT ADDED ENTRY--TOPICAL TERM | |
| Topical term or geographic name entry element | Public health administration |
| General subdivision | Problems, exercises, etc. |
| 700 1# - ADDED ENTRY--PERSONAL NAME | |
| Personal name | Kanani, S. |
| 700 1# - ADDED ENTRY--PERSONAL NAME | |
| Personal name | Maneno, J. |
| 700 1# - ADDED ENTRY--PERSONAL NAME | |
| Personal name | Schlüter, P. |
| 710 1# - ADDED ENTRY--CORPORATE NAME | |
| Corporate name or jurisdiction name as entry element | Kenya. |
| Subordinate unit | Ministry of Health. |
| -- | Administrative Support Unit. |
| 710 2# - ADDED ENTRY--CORPORATE NAME | |
| Corporate name or jurisdiction name as entry element | African Medical and Research Foundation. |
| Subordinate unit | Training Department. |
| 906 ## - LOCAL DATA ELEMENT F, LDF (RLIN) | |
| a | 7 |
| b | cbc |
| c | orignew |
| d | 2 |
| e | ncip |
| f | 19 |
| g | y-gencatlg |
| 942 ## - ADDED ENTRY ELEMENTS (KOHA) | |
| Source of classification or shelving scheme | |
| Koha item type | Book |
| Suppress in OPAC | AB |
| Withdrawn status | Lost status | Source of classification or shelving scheme | Damaged status | Not for loan | Permanent Location | Current Location | Shelving location | Date acquired | Source of acquisition | Total Checkouts | Full call number | Barcode | Date last seen | Price effective from | Koha item type | Public note |
|---|---|---|---|---|---|---|---|---|---|---|---|---|---|---|---|---|
| AU LIBRARY | AU LIBRARY | Open Shelf | 20.04.2022 | DONATION FROM MOI UNIVERSITY | RA430 .H43 1984 | 28009311 | 20.04.2022 | 20.04.2022 | Book | AB |